000 01616nam a2200361 i 4500
001 164162
003 ES-MaACL
005 20250726064521.0
008 050726s1876 gw |||| | spa d
040 _aCAM
_bspa
_cCAM
080 _a811.855.21
100 1 _aRuiz de Montoya, Antonio.
_9132182
245 1 0 _aArte, bocabulario [sic], tesoro y catecismo de la lengua guaraní /
_cpor Antonio Ruiz de Montoya.
246 3 3 _aArte, vocabulario, tesoro y catecismo de la lengua guaraní
250 _aPubl. nuevamente sin alteración alguna por Julio Platzmann.
260 _aLeipzig :
_bB.G. Teubner,
_c1876 (
_fImp. W. Drugulin)
300 _a4 v. ;
_c21 cm.
505 8 _aContiene: I ;
_tArte de la lengua guaraní (CXX, [12], 100, [2] p.) - II ;
_tVocabulario... (3 h., p. 101-234) . III ;
_tTesoro... ([10], 407 p., [1] h.) - IV ;
_tCatecismo... ([10], 336 p., [1] h.)
534 _pT. I-II, reprod. facs. de la ed. de:
_cMadrid: por Juan Sánchez, 1640.
534 _pT. III, reprod. facs. de la ed. de:
_cMadrid: por Juan Sánchez, 1639.
534 _pT. IV, reprod. facs. de la ed. de Madrid:
_cpor Diego Díaz de la Carrera, 1640.
650 7 _aLengua guaraní
_2embne
_9162833
650 4 _aLengua española-
_vDiccionarios-
_xGuaraní.
_9162834
650 7 _aGuaraníes (Indios)
_2embne
_9162832
655 7 _2tgfbne
_9226495
_aFacsímiles
700 1 _aPlatzmann, Julius.
_9131215
700 1 _aTeubner, B.G.
_9133197
700 1 _aDrugulin, W.
_9126845
752 _aAlemania -
_dLeipzig
852 _aES-MaACL
_jG-442-45
_z- rúst.
942 _2udc
999 _c164162
_d164162